Statistics for Name countries that start with S and are 2 words

Click here to take the quiz!

General Stats

  • This quiz has been taken 84 times
  • The average score is 8 of 12

Answer Stats

FoundedAnswer% Correct
2011South Sudan
92%
1948South Korea
91%
1961South Africa
85%
1979Saint Lucia
72%
1983Saint Kitts and Nevis
71%
1969Saint Vincent and the Grenadines
68%
1631San Marino
67%
1848Sri Lanka
66%
1978Solomon Islands
63%
1932Saudi Arabia
62%
1975Sao Tome and Principe
39%
1961Seirra Leone
5%

Score Distribution

Percentile by Number Answered

Percent of People with Each Score

Your Score History

You have not taken this quiz